00484 2200181 4500001002100000005001500021035002000036007000300056008004100059020001800100082000800118084001400126100001800140245005900158250001100217260005100228300002300279INLIS00000000000087820260507094009 a0010-0526000130ta260507 0 ind  a9786239700232 a150 a150 ALV o0 aAlvin Syahrin1 aOverthinking :bIs My Hobby and i Hate /cAlvi Syahrin aCet, 5 aJakarta Selatan :bAlvi ArdhiPublishing,c2024 a268 hlm ;c13 x 19